000 00650nam a2200193Ia 4500
003 GCL
008 140319s9999 xx 000 0 ara d
040 _aGCL /
_cGCL
082 0 4 _a843
_bز ل
100 1 _aزاغراندى، فيفانا
245 1 0 _aلا تقولى وداعا /
_cزاغراندى، فيفانا
260 _a[S.N] :
_bدار الراتب الجامعية
300 _a133
490 _aسلسلة روايات سوفنير الرومانسية
_v0
650 0 4 _aالادب الفرنسى
650 0 4 _aالادب الفرنسى المترجم
650 0 4 _aالقصص الفرنسية المترجمة
942 _2ddc
_cBK
999 _c32353
_d32353